Estadísticas para Dictadores #2

Haz click aquí para intentar la prueba.

Estadísticas generales

  • Esta prueba ha sido intentada 1.986 veces
  • La puntuación promedio es 12 de 22

Estadísticas de respuestas

DictadorPaís% Correcto
Kim Il-SungCorea del Norte
92%
Iósif StalinUnión Soviética
91%
Julio CésarRoma
90%
Georgios PapadópoulosGrecia
83%
Chiang Kai ShekChina
72%
Alberto FujimoriPerú
72%
Slobodan MilosevicSerbia/Yugoslavia
72%
Maximilien RobespierreFrancia
71%
Park Chung HeeCorea del Sur
67%
Bashar al-AssadSiria
65%
Fulgencio BatistaCuba
63%
Pol PotCamboya
62%
Manuel NoriegaPanamá
55%
Oliver CromwellInglaterra
53%
SuhartoIndonesia
38%
Ali KhameneiIrán
38%
Anwar SadatEgipto
33%
Erich HoneckerAlemania del Este
29%
Pervez MusharrafPakistán
24%
Saparmurat NiyazovTurkmenistán
22%
Charles TaylorLiberia
18%
Than ShweBirmania
15%

Distribución de puntuación

Porcentaje por número respondido

Porcentaje de gente con cada puntuación

Historial de tus puntuaciones

No has intentado esta prueba.